| 000 | 01880nam a2200313Ia 4500 | ||
|---|---|---|---|
| 999 |
_c41336 _d41336 |
||
| 001 | 7994 | ||
| 003 | GE_BSU | ||
| 005 | 20221004104204.0 | ||
| 008 | 181216s2013ge xx |||||||||||||| ||geo|| | ||
| 020 | _a9789941179440 | ||
| 040 | _cGE_BSU | ||
| 041 | _ageo | ||
| 080 | _a1(479.22)(09) ქ-27 | ||
| 245 |
_aქართული ფილოსოფიური აზრის ისტორია : _bI ტომი / _cპირველი ტომის რედ: შალვა ხიდაშელი, მიხეილ მახარაძე, სარედ. კოლ : ა. აფაქიძე, თ. ბუაჩიძე, გ. თევზაძე და სხვ |
||
| 250 | _aმე-2 გამოცემა | ||
| 264 |
_aთბილისი : _bუნივერსალი, _c2013. |
||
| 300 |
_a22 სმ; _c523 გვ. |
||
| 501 | _aშენიშვნები: გვ. 467-506.საძიებელი: გვ. 509-521. | ||
| 520 | _aრეზ. ინგლ. | ||
| 653 | _aქართული ფილოსოფიური აზრის ისტორია | ||
| 653 | _aფილისოფია | ||
| 700 |
_a ხიდაშელი, შალვა _eრედაქტორი _914997 |
||
| 700 |
_aმახარაძე, მიხეილ _eრედაქტორი _914998 |
||
| 700 |
_a აფაქიძე, ა _eსარედაქციო კოლეგია _914999 |
||
| 700 |
_aბუაჩიძე, თ _eსარედაქციო კოლეგია _91329 |
||
| 700 |
_aთევზაძე, გ _eსარედაქციო კოლეგია _915000 |
||
| 710 |
_aბათუმის შოთა რუსთაველის სახელმწ. უნ-ტი, ფილოსოფიის დეპარტამენტი _96058 |
||
| 942 |
_cBK _2udc |
||